000 00508nam a2200181Ia 4500
008 180921t2009 xxu||||| |||| 00| 0 sin d
041 _asin
080 _a572
_bPAT
100 _aPatrik,Naravila.
245 _aමිනිසා යෝධයෙකු වුයේ කෙසේද?
246 _aMinisa Yoodayaku Uyee Keseda?
260 _bS.Godage
_aColombo
_c2009
300 _axxi,ill,344p., 23 cm
650 _aEvolution
942 _cBK
999 _c14089
_d14089
003 LK-CoDNM
040 _aLK-CoDNM
_dLK-CoDNM
_eLK-CoDNM